Normal view
MARC view
- MSEE-19
Entry Geographic Name
001 - CONTROL NUMBER
- control field: 35234
003 - CONTROL NUMBER IDENTIFIER
- control field: NUST
005 - DATE AND TIME OF LATEST TRANSACTION
- control field: 20201112153955.0
008 - FIXED-LENGTH DATA ELEMENTS
- fixed length control field: 201112|| aca||aabn | a|a d
040 ## - CATALOGING SOURCE
- Original cataloging agency: NUST
- Transcribing agency: NUST
151 ## - HEADING--GEOGRAPHIC NAME
- Geographic name: MSEE-19
670 ## - SOURCE DATA FOUND
- Source citation: Work cat.: (NUST)217285: Shamshad , Fahad (MSEE-19) 35233, Image / Video Denoising , November 2015
